القانون الواجب التطبيق في اطار التحكيم الدولي / (رقم التسجيلة. 141221)
[ عرض عادي ]
| 000 -الفاتح | |
|---|---|
| عناصر البيانات ثابتة الطول | 00760cam a2200193 i 4500 |
| 005 - تاريخ ووقت آخر معاملة | |
| حقل ضبط | 20260121112420.0 |
| 008 - عناصر البيانات ثابتة الطول | |
| عناصر البيانات ثابتة الطول | 250721s2019 ua gr 000 0 ara d |
| 020 ## - الترقيم الدولي المعياري للكتب (ردمك) | |
| الترقيم الدولي المعياري للكتب (ردمك) | 9789777536035 |
| 082 14 - رقم تصنيف ديوي العشري | |
| رقم التصنيف | 341.55 |
| رقم المادة | س ي د |
| 100 1# - مدخل رئيسي – اسم شخصي | |
| الاسم الشخصي | السيد، احمد عبد الحي |
| علاقة الشخص بالعمل/ دوره | مؤلف. |
| 245 12 - بيان العنوان | |
| العنوان | القانون الواجب التطبيق في اطار التحكيم الدولي / |
| بيان المسؤولية | تأليف الدكتور احمد عبد الحي السيد. |
| 250 ## - بيان الطبعة | |
| بيان الطبعة | الطبعة الاولى. |
| 264 31 - بيانات النشر، التوزيع…إلخ | |
| مكان النشر، التوزيع...إلخ | الاسكندريه : |
| اسم الناشر، الموزع...إلخ | دار الوفاء للطباعه و النشر، |
| تاريخ النشر، التوزيع...إلخ | 2019. |
| 300 ## - الوصف المادي | |
| عدد الوحدات المكونة للوعاء | 387 صفحة. |
| 650 17 - مدخل إضافي بالموضوع - مصطلح موضوعي | |
| مصطلح موضوعي أو اسم جغرافي كعنصر مدخل | القانون الدولي. |
| 650 17 - مدخل إضافي بالموضوع - مصطلح موضوعي | |
| مصطلح موضوعي أو اسم جغرافي كعنصر مدخل | التحكيم الدولي. |
| 942 ## - بيانات إضافية (كوها) | |
| نوع التنصيف | Dewey Decimal Classification |
| نوع المادة (كوها) | كتب |
| حالة السحب | حالة الفقدان | مصدر التصنيف | حالة التلف | غير قابل للإعارة | المكتبة الرئيسية | المكتبة الحالية | موقع الرف | تاريخ التزويد | الرقم المتسلسل | Total Checkouts | رقم الإستدعاء | الباركود | تاريخ آخر ظهور | تاريخ الفاتورة | نوع المادة (كوها) |
|---|---|---|---|---|---|---|---|---|---|---|---|---|---|---|---|
| Dewey Decimal Classification | المكتبة المركزية | المكتبة المركزية | الإعارة | 28/07/2025 | 1728538 | 341.55 / س ي د | PLD00479350 | 28/07/2025 | 28/07/2025 | كتب | |||||
| Dewey Decimal Classification | المكتبة المركزية | المكتبة المركزية | مقتنيات قسم التزويد | 14/11/2021 | 1760680 | 341.55/سيد | PLD00494094 | 28/07/2025 | 14/11/2021 | كتب |